Statistics for Disney Character Chain

Click here to take the quiz!

General Stats

  • This quiz has been taken 17,379 times
  • The average score is 15 of 24

Answer Stats

Hint Answer % Correct
The little mermaidAriel
98%
Got lost in WonderlandAlice
96%
Sailor duckDonald
88%
Arranged Mufasa's deathScar
83%
Elsa's sisterAnna
82%
Evil half-octopus, half-womanUrsula
80%
Simba's love interestNala
77%
Gloomy donkeyEeyore
73%
Sleeping beautyAurora
71%
Talking candelabraLumière
67%
Kleptomanic monkey of AgrabahAbu
66%
Street rat turned princeAladdin
66%
Kidnapped by Mother GothelRapunzel
65%
French gypsyEsmeralda
63%
Yellow fish, friend of mermaidsFlounder
58%
Nephew of the aboveDewey
52%
Robin Hood's bear sidekickLittle John
50%
Crazed hyena with squinting eyesEd
49%
Mother of HerculesHera
46%
Iceman, accompanied by SvenKristoff
42%
Former advisor to Emperor KuzcoYzma
36%
Jasmine's pet tigerRajah
36%
Merlin's owlArchimedes
23%
Darkwing Duck's evil doppelgängerNegaduck
9%

Score Distribution

Percentile by Number Answered

Percent of People with Each Score

Your Score History

You have not taken this quiz